| 000 | 00860nam a2200265 a 4500 | ||
|---|---|---|---|
| 001 | 015839022 | ||
| 003 | OSt | ||
| 005 | 20201128021025.0 | ||
| 008 | 110914s2012 nyua frb 001 0 eng d | ||
| 020 | _a9780071089005 | ||
| 020 | _a0071089004 | ||
| 040 |
_aStDuBDS _beng _cStDuBDS _dUk _dEG-ScBUE |
||
| 082 | 0 | 4 |
_a004.22 _222 _bCOM |
| 245 | 0 | 0 |
_aComputer organization and embedded systems / _cCarl Hamacher ... [et al.] |
| 250 | _a6th ed., International ed. | ||
| 260 |
_aNew York : _bMcGraw-Hill, _c2012. |
||
| 300 |
_axx, 710 p. : _bill. ; _c24 cm. |
||
| 500 | _aIndex : p. 705-710. | ||
| 504 | _aIncludes bibliographical references. | ||
| 650 | 7 |
_aComputer organization. _9959 _2BUEsh |
|
| 650 | 7 |
_aEmbedded computer systems. _923377 _2BUEsh |
|
| 653 |
_bENGELC _cJanuary2014 _cOctober2016 |
||
| 700 | 1 |
_aHamacher, V. Carl _934970 |
|
| 942 |
_2ddc _k004.22 COM |
||
| 999 |
_c17985 _d17957 |
||